[Event "SWE-ch U20"]
[Site "Uppsala"]
[Date "2016.07.23"]
[Round "8"]
[White "Seo, Jung Min"]
[Black "Jogstad, Martin"]
[Result "0-1"]
[WhiteElo "2133"]
[BlackElo "2200"]
[PlyCount "106"]
[EventDate "2016.07.16"]
[EventType "tourn"]
[EventRounds "9"]
[EventCountry "SWE"]
[SourceTitle "CBM 173 Extra"]
[Source "ChessBase"]
[SourceDate "2016.08.29"]
[SourceVersion "1"]
[SourceVersionDate "2016.08.29"]
[SourceQuality "1"]
1. e4 e6 2. d4 d5 3. Nd2 Nf6 4. e5 Nfd7 5. Bd3 c5 6. c3 Nc6 7. Ne2 cxd4 8. cxd4
f6 9. exf6 Nxf6 10. Nf3 Bd6 11. O-O Qc7 12. Bg5 O-O 13. Bh4 Nh5 14. Qc2 h6 15.
Bh7+ Kh8 16. Bg6 Nf4 17. Nxf4 Bxf4 18. Bg3 Qb6 19. Rad1 Bd7 20. Rfe1 Rac8 21.
Qe2 Rf6 22. Bb1 Bxg3 23. hxg3 Be8 24. g4 g5 25. Rc1 Rc7 26. Qd2 Rcf7 27. Re3
Kg8 28. Rce1 Bd7 29. b3 Qc7 30. R1e2 Qf4 31. Qd3 Qxg4 32. Ne5 Nxe5 33. dxe5 Rf5
34. Qd2 Rf3 35. Qd3 Rxe3 36. Rxe3 Kf8 37. Rg3 Qf5 38. Qxf5 exf5 39. Rd3 Be6 40.
Rh3 Kg7 41. Rc3 h5 42. Kf1 h4 43. Rc5 Kh6 44. b4 g4 45. a3 Kg5 46. Ba2 Rd7 47.
Ke2 Kf4 48. Rc1 Rh7 49. Rh1 h3 50. gxh3 gxh3 51. Rh2 Kxe5 52. Kf3 f4 53. Bb1
Rc7 0-1

[Event "SWE-ch U20"]
[Site "Uppsala"]
[Date "2016.07.23"]
[Round "8"]
[White "Storme, Isak"]
[Black "Tuomainen, Felix"]
[Result "1-0"]
[WhiteElo "2110"]
[BlackElo "2255"]
[PlyCount "105"]
[EventDate "2016.07.16"]
[EventType "tourn"]
[EventRounds "9"]
[EventCountry "SWE"]
[SourceTitle "CBM 173 Extra"]
[Source "ChessBase"]
[SourceDate "2016.08.29"]
[SourceVersion "1"]
[SourceVersionDate "2016.08.29"]
[SourceQuality "1"]
1. e4 e6 2. d4 d5 3. Nc3 Nf6 4. e5 Nfd7 5. f4 c5 6. Nf3 Nc6 7. Be3 h6 8. Qd2 g5
9. fxg5 cxd4 10. Nxd4 Ndxe5 11. Be2 hxg5 12. Bxg5 Bh6 13. Bxh6 Qh4+ 14. g3 Qxh6
15. Qxh6 Rxh6 16. O-O-O Bd7 17. Nxc6 Bxc6 18. Rd4 Ke7 19. h4 Rg8 20. g4 f6 21.
h5 Nf7 22. Bf3 Ng5 23. Be2 Rd8 24. Rhd1 Nf7 25. Bf3 Ne5 26. Be2 Be8 27. Re1 Rc8
28. Bd1 Nc6 29. Rxd5 e5 30. Bf3 Kf8 31. Rd6 Ke7 32. Rd2 Bf7 33. Nd5+ Kf8 34.
Rf1 Bxd5 35. Bxd5 Ke7 36. g5 fxg5 37. Rf7+ Kd6 38. Rxb7 Nd4 39. Bf7 Rf6 40. c3
g4 41. Rxa7 Rf1+ 42. Rd1 Rf2 43. Kb1 g3 44. cxd4 g2 45. dxe5+ Kxe5 46. Bb3 Rcf8
47. Re7+ Kf6 48. Ree1 Kg5 49. Bd5 Rc8 50. Rg1 Rd8 51. Bxg2 Rb8 52. Bd5+ Kxh5
53. Bb3 1-0

[Event "SWE-ch U20"]
[Site "Uppsala"]
[Date "2016.07.23"]
[Round "8"]
[White "Astrom, Lars"]
[Black "Nilsson, Joakim"]
[Result "1-0"]
[WhiteElo "2127"]
[BlackElo "2098"]
[PlyCount "69"]
[EventDate "2016.07.16"]
[EventType "tourn"]
[EventRounds "9"]
[EventCountry "SWE"]
[SourceTitle "CBM 173 Extra"]
[Source "ChessBase"]
[SourceDate "2016.08.29"]
[SourceVersion "1"]
[SourceVersionDate "2016.08.29"]
[SourceQuality "1"]
1. e4 c5 2. c3 d5 3. exd5 Qxd5 4. d4 Nc6 5. Nf3 Bg4 6. Be2 cxd4 7. cxd4 e6 8.
Nc3 Bb4 9. h3 Bxf3 10. Bxf3 Qa5 11. O-O Nge7 12. Ne4 O-O 13. a3 Nf5 14. Bf4 Be7
15. b4 Qb6 16. d5 Rfd8 17. Nc3 Ncd4 18. Be4 Rac8 19. Rc1 Bf6 20. Qg4 g6 21.
dxe6 Qxe6 22. Nd5 Rxc1 23. Nxf6+ Qxf6 24. Rxc1 Qa6 25. Bxf5 Ne2+ 26. Kh2 Nxc1
27. Bxc1 Qb5 28. Bc2 Qb6 29. Qf4 Qc6 30. Bb3 Rd7 31. Bb2 Qc7 32. Be5 Qd8 33. h4
h5 34. Qh6 Qxh4+ 35. Kg1 1-0

[Event "SWE-ch U20"]
[Site "Uppsala"]
[Date "2016.07.23"]
[Round "8"]
[White "Svorono, Gabriel"]
[Black "Pantzar, Milton"]
[Result "1/2-1/2"]
[WhiteElo "2069"]
[BlackElo "2167"]
[PlyCount "95"]
[EventDate "2016.07.16"]
[EventType "tourn"]
[EventRounds "9"]
[EventCountry "SWE"]
[SourceTitle "CBM 173 Extra"]
[Source "ChessBase"]
[SourceDate "2016.08.29"]
[SourceVersion "1"]
[SourceVersionDate "2016.08.29"]
[SourceQuality "1"]
1. e4 e6 2. d4 d5 3. Nd2 Nf6 4. e5 Nfd7 5. Bd3 c5 6. c3 Nc6 7. Ne2 cxd4 8. cxd4
f6 9. exf6 Nxf6 10. Nf3 Bd6 11. O-O Qc7 12. g3 O-O 13. Bf4 Bd7 14. Re1 Rae8 15.
Rc1 Qb8 16. Bxd6 Qxd6 17. Nf4 e5 18. dxe5 Nxe5 19. Nxe5 Rxe5 20. Rxe5 Qxe5 21.
Bc2 Bc6 22. Qe2 Ne4 23. Rd1 Ng5 24. Qxe5 Nf3+ 25. Kf1 Nxe5 26. Nxd5 Ng4 27. Bb3
Kh8 28. Kg1 Nxf2 29. Rf1 Nh3+ 30. Kg2 Rxf1 31. Kxf1 g6 32. Ke2 Kg7 33. Ke3 Ng5
34. Kf4 h6 35. Nb4 Bg2 36. a4 Kf8 37. Nd3 Ke7 38. h4 Nh3+ 39. Ke5 Ng1 40. Ne1
Bc6 41. a5 Ne2 42. g4 Bd7 43. g5 hxg5 44. hxg5 Ng1 45. Bd5 b6 46. axb6 axb6 47.
Be4 Nh3 48. Bxg6 1/2-1/2

[Event "SWE-ch U20"]
[Site "Uppsala"]
[Date "2016.07.23"]
[Round "8"]
[White "Crevatin, Leo"]
[Black "Olofsson Dolk, Mattis"]
[Result "1/2-1/2"]
[WhiteElo "2028"]
[BlackElo "2259"]
[PlyCount "40"]
[EventDate "2016.07.16"]
[EventType "tourn"]
[EventRounds "9"]
[EventCountry "SWE"]
[SourceTitle "CBM 173 Extra"]
[Source "ChessBase"]
[SourceDate "2016.08.29"]
[SourceVersion "1"]
[SourceVersionDate "2016.08.29"]
[SourceQuality "1"]
1. d4 Nf6 2. Nf3 g6 3. Bf4 Bg7 4. e3 O-O 5. c3 b6 6. h3 Bb7 7. Nbd2 d6 8. Be2
c5 9. O-O Nbd7 10. Rc1 Rc8 11. Bh2 cxd4 12. cxd4 Rxc1 13. Qxc1 Qa8 14. b3 Ne4
15. Nxe4 Bxe4 16. Qd2 Nf6 17. Rc1 Nd5 18. Ng5 Nf6 19. Nxe4 Nxe4 20. Qc2 Nf6
1/2-1/2

[Event "SWE-ch U20"]
[Site "Uppsala"]
[Date "2016.07.22"]
[Round "7"]
[White "Storme, Isak"]
[Black "Astrom, Lars"]
[Result "0-1"]
[WhiteElo "2110"]
[BlackElo "2127"]
[PlyCount "90"]
[EventDate "2016.07.16"]
[EventType "tourn"]
[EventRounds "9"]
[EventCountry "SWE"]
[SourceTitle "CBM 173 Extra"]
[Source "ChessBase"]
[SourceDate "2016.08.29"]
[SourceVersion "1"]
[SourceVersionDate "2016.08.29"]
[SourceQuality "1"]
1. e4 c5 2. Nf3 Nc6 3. d4 cxd4 4. Nxd4 g6 5. c4 Bg7 6. Be3 Nf6 7. Nc3 d6 8. Be2
O-O 9. O-O Bd7 10. Qd2 Nxd4 11. Bxd4 Bc6 12. f3 a5 13. b3 Nd7 14. Be3 Nc5 15.
Rab1 Qb6 16. Rfc1 Rfc8 17. Bf1 Be5 18. g3 Qd8 19. a3 a4 20. bxa4 Nxa4 21. Nxa4
Rxa4 22. Rb3 Rca8 23. Bb6 Qc8 24. c5 Bd4+ 25. Kh1 dxc5 26. Bxc5 Bxc5 27. Rxc5
Rxa3 28. Rxa3 Rxa3 29. Kg2 Qc7 30. Rc2 Qe5 31. Bc4 Kg7 32. Qc1 Ra8 33. Qb2 Qxb2
34. Rxb2 b5 35. Be2 Rb8 36. Rb4 Kf6 37. f4 Ke6 38. Bc4+ Kd6 39. Ba2 Kc5 40. Rb2
Bxe4+ 41. Kf2 Bd5 42. Bb1 b4 43. Ke3 b3 44. Kd3 f5 45. Kc3 Be4 0-1

[Event "SWE-ch U20"]
[Site "Uppsala"]
[Date "2016.07.22"]
[Round "7"]
[White "Olofsson Dolk, Mattis"]
[Black "Nilsson, Joakim"]
[Result "1-0"]
[WhiteElo "2259"]
[BlackElo "2098"]
[PlyCount "81"]
[EventDate "2016.07.16"]
[EventType "tourn"]
[EventRounds "9"]
[EventCountry "SWE"]
[SourceTitle "CBM 173 Extra"]
[Source "ChessBase"]
[SourceDate "2016.08.29"]
[SourceVersion "1"]
[SourceVersionDate "2016.08.29"]
[SourceQuality "1"]
1. d4 Nf6 2. c4 e6 3. Nc3 Bb4 4. e3 c5 5. Nge2 O-O 6. a3 Bxc3+ 7. Nxc3 b6 8. d5
d6 9. Bd3 Nbd7 10. O-O e5 11. b3 Ne8 12. Bf5 Nb8 13. Bxc8 Qxc8 14. f4 exf4 15.
e4 Nd7 16. Bxf4 Qd8 17. Qf3 Qe7 18. Qg3 f6 19. a4 Ne5 20. a5 Nc7 21. Bxe5 Qxe5
22. Qh3 Qe7 23. Ra2 Rfb8 24. axb6 Rxb6 25. Rb1 a6 26. Qd3 Rab8 27. Ne2 Qe5 28.
Ng3 g6 29. h4 h5 30. Rf2 Kg7 31. Nf1 Re8 32. Nd2 a5 33. Rbf1 Rf8 34. Nf3 Qg3
35. Qc3 Ra6 36. Qa1 Raa8 37. Qa4 Na6 38. Ng5 fxg5 39. Qd7+ Kg8 40. Qe6+ Kg7 41.
Qe7+ 1-0

[Event "SWE-ch U20"]
[Site "Uppsala"]
[Date "2016.07.22"]
[Round "7"]
[White "Pantzar, Milton"]
[Black "Seo, Jung Min"]
[Result "0-1"]
[WhiteElo "2167"]
[BlackElo "2133"]
[PlyCount "66"]
[EventDate "2016.07.16"]
[EventType "tourn"]
[EventRounds "9"]
[EventCountry "SWE"]
[SourceTitle "CBM 173 Extra"]
[Source "ChessBase"]
[SourceDate "2016.08.29"]
[SourceVersion "1"]
[SourceVersionDate "2016.08.29"]
[SourceQuality "1"]
1. d4 Nf6 2. c4 e6 3. Nc3 Bb4 4. e3 d5 5. cxd5 Nxd5 6. Bd2 O-O 7. e4 Nxc3 8.
Bxc3 Bxc3+ 9. bxc3 c5 10. Nf3 b6 11. Qd2 cxd4 12. cxd4 Bb7 13. Bd3 Nc6 14. Bc2
Ne7 15. O-O Rc8 16. Rac1 Ng6 17. Rfd1 Qe7 18. Qe3 Rc7 19. Bb1 Rfc8 20. Rxc7
Qxc7 21. h4 Ba6 22. e5 Nf8 23. Ng5 Bb7 24. Be4 Bxe4 25. Nxe4 Qc2 26. Rd2 Qb1+
27. Kh2 Rc1 28. Kg3 Rh1 29. Rd3 Qg1 30. Qg5 Qh2+ 31. Kf3 h6 32. Qg4 Ng6 33. g3
Re1 0-1

[Event "SWE-ch U20"]
[Site "Uppsala"]
[Date "2016.07.22"]
[Round "7"]
[White "Tuomainen, Felix"]
[Black "Svorono, Gabriel"]
[Result "1-0"]
[WhiteElo "2255"]
[BlackElo "2069"]
[PlyCount "121"]
[EventDate "2016.07.16"]
[EventType "tourn"]
[EventRounds "9"]
[EventCountry "SWE"]
[SourceTitle "CBM 173 Extra"]
[Source "ChessBase"]
[SourceDate "2016.08.29"]
[SourceVersion "1"]
[SourceVersionDate "2016.08.29"]
[SourceQuality "1"]
1. d4 d5 2. c4 c6 3. Nf3 Nf6 4. e3 Bf5 5. Be2 e6 6. O-O Bd6 7. Nbd2 Nbd7 8. b3
O-O 9. Bb2 Ne4 10. Nxe4 Bxe4 11. Nd2 Bg6 12. f4 f5 13. Nf3 Bh5 14. Qe1 Nf6 15.
b4 Qe8 16. a4 Rc8 17. b5 c5 18. Ne5 Bxe2 19. Qxe2 dxc4 20. Nxc4 Be7 21. Rad1
Ne4 22. d5 exd5 23. Rxd5 Rd8 24. Rxd8 Bxd8 25. Rd1 Qe6 26. Ne5 Bf6 27. Qc4 Qxc4
28. Nxc4 Rd8 29. Rxd8+ Bxd8 30. Be5 Kf7 31. Kf1 Bf6 32. Bb8 a6 33. b6 Ke6 34.
Na5 Kd7 35. Bc7 Kc8 36. Nc4 Kd7 37. Na5 Kc8 38. Nc4 Kd7 39. Ke1 Ke6 40. Kd1
Nc3+ 41. Kc2 Nd5 42. Na5 Nxc7 43. bxc7 Kd7 44. Nxb7 Be7 45. Nd8 Bxd8 46.
cxd8=Q+ Kxd8 47. Kd3 Kc7 48. e4 fxe4+ 49. Kxe4 Kd6 50. g4 g6 51. h4 h5 52. gxh5
gxh5 53. a5 Ke6 54. f5+ Kf6 55. Kd5 Kxf5 56. Kxc5 Ke5 57. Kb6 Kd6 58. Kxa6 Kc6
59. Ka7 Kc7 60. a6 Kc8 61. Kb6 1-0

[Event "SWE-ch U20"]
[Site "Uppsala"]
[Date "2016.07.22"]
[Round "7"]
[White "Jogstad, Martin"]
[Black "Crevatin, Leo"]
[Result "1/2-1/2"]
[WhiteElo "2200"]
[BlackElo "2028"]
[PlyCount "79"]
[EventDate "2016.07.16"]
[EventType "tourn"]
[EventRounds "9"]
[EventCountry "SWE"]
[SourceTitle "CBM 173 Extra"]
[Source "ChessBase"]
[SourceDate "2016.08.29"]
[SourceVersion "1"]
[SourceVersionDate "2016.08.29"]
[SourceQuality "1"]
1. d4 d5 2. Nf3 Nf6 3. c4 c6 4. e3 e6 5. Nc3 Nbd7 6. Bd2 Bd6 7. Bd3 dxc4 8.
Bxc4 b5 9. Bd3 Bb7 10. O-O O-O 11. a3 a5 12. e4 e5 13. dxe5 Nxe5 14. Nxe5 Bxe5
15. Qe2 Re8 16. Rad1 Qe7 17. Rfe1 b4 18. Na4 bxa3 19. bxa3 Qxa3 20. Nb6 Rad8
21. Bb1 Qb2 22. Na4 Qb5 23. Qxb5 cxb5 24. Nc5 Rxd2 25. Rxd2 Bc3 26. Red1 Bxd2
27. Rxd2 Bc6 28. f3 h6 29. Kf2 Rc8 30. Ke3 Kf8 31. Ra2 a4 32. Kd4 Ke7 33. Rb2
Nd7 34. Nd3 Nb6 35. Ba2 Be8 36. Nc5 Bc6 37. Nd3 Bd7 38. Nc5 Bc6 39. Nd3 Bd7 40.
Nc5 1/2-1/2

[Event "SWE-ch U20"]
[Site "Uppsala"]
[Date "2016.07.19"]
[Round "4"]
[White "Crevatin, Leo"]
[Black "Storme, Isak"]
[Result "0-1"]
[WhiteElo "2028"]
[BlackElo "2110"]
[PlyCount "154"]
[EventDate "2016.07.16"]
[EventType "tourn"]
[EventRounds "9"]
[EventCountry "SWE"]
[SourceTitle "CBM 173 Extra"]
[Source "ChessBase"]
[SourceDate "2016.08.29"]
[SourceVersion "1"]
[SourceVersionDate "2016.08.29"]
[SourceQuality "1"]
1. Nf3 e6 2. d4 f5 3. Bf4 Nf6 4. e3 Be7 5. h4 O-O 6. Nbd2 b6 7. c3 Bb7 8. Bd3
c5 9. Qe2 Nc6 10. O-O-O d5 11. Ba6 Bxa6 12. Qxa6 Qd7 13. dxc5 bxc5 14. Nc4 Qc8
15. Qxc8 Raxc8 16. Nce5 Ne4 17. Rdf1 Bf6 18. Nxc6 Rxc6 19. Ne5 Bxe5 20. Bxe5 c4
21. Kc2 Ra6 22. f3 Nc5 23. Ra1 Nd3 24. f4 Nxe5 25. fxe5 f4 26. Rhf1 fxe3 27.
Rxf8+ Kxf8 28. g4 Rb6 29. b4 Rb7 30. Rf1+ Ke8 31. Rf3 e2 32. Kd2 d4 33. cxd4
Rxb4 34. Re3 Rb2+ 35. Kc3 Rxa2 36. Kxc4 a5 37. Kb3 Rd2 38. Kc3 Ra2 39. Kb3 e1=Q
40. Rxe1 Rh2 41. h5 Rg2 42. Re4 Kd7 43. Ka4 g5 44. hxg6 hxg6 45. Kxa5 Kc6 46.
Rf4 Kd5 47. g5 Rxg5 48. Kb6 Rf5 49. Rg4 g5 50. Kb5 Rf4 51. Rxg5 Rxd4 52. Rg1
Kxe5 53. Kc5 Rf4 54. Re1+ Kf5 55. Re2 e5 56. Re1 Rf3 57. Kc4 e4 58. Re2 Kf4 59.
Rh2 Rf1 60. Rh4+ Ke3 61. Rh3+ Rf3 62. Rh2 Rf1 63. Rh3+ Kf4 64. Rh4+ Kf3 65.
Rh3+ Kg4 66. Rh7 Rd1 67. Rg7+ Kf3 68. Rf7+ Ke2 69. Rh7 e3 70. Rh2+ Kf3 71. Rh3+
Kf2 72. Rh2+ Kg3 73. Rh8 e2 74. Rg8+ Kf4 75. Rf8+ Kg5 76. Rg8+ Kf6 77. Rf8+ Ke5
0-1